[Event "Muscat-ch op"]
[Site "Muscat"]
[Date "2024.12.31"]
[Round "9"]
[White "Sharma, Nitin"]
[Black "Al Yahmadi, Anas"]
[Result "1-0"]
[WhiteElo "1510"]
[BlackElo "1657"]
[PlyCount "99"]
[EventDate "2024.12.26"]
[EventType "swiss"]
[EventRounds "9"]
[EventCountry "OMN"]
[SourceTitle "CB01_2025"]
[SourceDate "2025.01.01"]
[SourceVersion "1"]
[SourceVersionDate "2025.01.01"]
[SourceQuality "1"]

1. e4 c5 2. Nf3 a6 3. c3 d5 4. exd5 Qxd5 5. Be2 Bf5 6. 0-0 Nc6 7. d4 e6 8. c4 Qd7 9. d5 Nb4 10. a3 Nc2 11. Ra2 exd5 12. Bd3 dxc4 13. Bxf5 Qxf5 14. Qe2+ Be7 15. Be3 Qd3 16. Nc3 Qxe2 17. Nxe2 Nxe3 18. fxe3 0-0-0 19. Ne5 Nh6 20. Nxc4 f6 21. b3 Rd3 22. Nc1 Rc3 23. Nb6+ Kb8 24. Nd5 Rxc1 25. Rxc1 Bd6 26. h3 Nf5 27. Rd1 Rd8 28. Rad2 Be5 29. Nb6 Rxd2 30. Rxd2 Nxe3 31. Nd7+ Kc7 32. Nxe5 fxe5 33. Re2 Nd5 34. Rxe5 Kd6 35. Re8 b5 36. Ra8 Nc7 37. Rg8 Ne6 38. Kf1 Kd5 39. Ke1 Kd4 40. Ra8 Kc3 41. Rxa6 Nf4 42. g3 Nxh3 43. Ra5 Kxb3 44. Rxb5+ Kxa3 45. Rxc5 g6 46. Kf1 Kb4 47. Re5 h6 48. Re6 Ng5 49. Rxg6 Ne4 50. Rg4 1-0

[Event "Muscat-ch op"]
[Site "Muscat"]
[Date "2024.12.30"]
[Round "7"]
[White "Hussein, Siddig Mohamed"]
[Black "Sharma, Nitin"]
[Result "1-0"]
[WhiteElo "1703"]
[BlackElo "1510"]
[PlyCount "131"]
[EventDate "2024.12.26"]
[EventType "swiss"]
[EventRounds "9"]
[EventCountry "OMN"]
[SourceTitle "CB01_2025"]
[SourceDate "2025.01.01"]
[SourceVersion "1"]
[SourceVersionDate "2025.01.01"]
[SourceQuality "1"]

1. e4 e5 2. Nf3 Nc6 3. d4 exd4 4. c3 dxc3 5. Nxc3 d6 6. Bc4 Ne5 7. Nxe5 Be6 8. Bxe6 fxe6 9. Qh5+ g6 10. Nxg6 Nf6 11. Qh3 Qd7 12. Nxh8 Bg7 13. Bg5 Bxh8 14. Bxf6 Bxf6 15. Qh5+ Kf8 16. 0-0 Kg7 17. Rad1 Kh8 18. e5 Bg7 19. Ne4 d5 20. Ng5 h6 21. Rd3 Rf8 22. Qg6 hxg5 23. Rh3+ Kg8 24. f4 Rxf4 25. Rxf4 gxf4 26. Qh7+ Kf8 27. Rf3 Qf7 28. Qh4 Bxe5 29. Qd8+ Qe8 30. Qg5 Bd6 31. h4 Qc6 32. Qf6+ Ke8 33. Qh8+ Kd7 34. Qg7+ Be7 35. Rxf4 Qc1+ 36. Rf1 Qe3+ 37. Kh1 Kd6 38. Qg4 Kc6 39. g3 Bd6 40. Kg2 Bc5 41. Kh3 Bd6 42. a3 a5 43. h5 b6 44. Qf3 Qg5 45. Qg4 Qe3 46. Kg2 Kb7 47. Qf3 Qe5 48. Rf2 Qg5 49. g4 Qe5 50. Kh3 Ka7 51. Re2 Qg7 52. a4 Qd4 53. h6 Qh8 54. g5 Be7 55. Qf4 Kb7 56. Rxe6 Bxg5 57. Qxg5 Qh7 58. Qxd5+ Ka7 59. Qe4 Qf7 60. Kg4 Qf2 61. Qf4 Qg2+ 62. Kf5 Qc2+ 63. Kf6 Qxb2+ 64. Kf7 Qc3 65. h7 Qh3 66. Qxc7+ 1-0

[Event "Muscat-ch op"]
[Site "Muscat"]
[Date "2024.12.27"]
[Round "3"]
[White "Sharma, Nitin"]
[Black "Al Hosni, Khalfan"]
[Result "0-1"]
[WhiteElo "1510"]
[BlackElo "1749"]
[PlyCount "58"]
[EventDate "2024.12.26"]
[EventType "swiss"]
[EventRounds "9"]
[EventCountry "OMN"]
[SourceTitle "CB01_2025"]
[SourceDate "2025.01.01"]
[SourceVersion "1"]
[SourceVersionDate "2025.01.01"]
[SourceQuality "1"]

1. e4 c5 2. Nf3 d6 3. c3 Nf6 4. Be2 Bd7 5. e5 dxe5 6. Nxe5 Nc6 7. Nxd7 Qxd7 8. 0-0 e5 9. Bb5 a6 10. Bxc6 Qxc6 11. d4 cxd4 12. cxd4 Rd8 13. Qe2 e4 14. Be3 Bd6 15. Nc3 0-0 16. Rac1 Qd7 17. h3 Bb8 18. Rfd1 Qd6 19. g3 Qe6 20. Kg2 Qf5 21. Rc2 Rfe8 22. Rcd2 h5 23. h4 Ng4 24. d5 Bd6 25. Rf1 Ne5 26. Bf4 Nf3 27. Nxe4 Nxh4+ 28. gxh4 Rxe4 29. Be3 Rg4+ 0-1

[Event "Muscat-ch op"]
[Site "Muscat"]
[Date "2024.12.26"]
[Round "1"]
[White "Sharma, Nitin"]
[Black "Kakavand, Ramtin1"]
[Result "0-1"]
[WhiteElo "1510"]
[BlackElo "2003"]
[PlyCount "66"]
[EventDate "2024.12.26"]
[EventType "swiss"]
[EventRounds "9"]
[EventCountry "OMN"]
[SourceTitle "CB01_2025"]
[SourceDate "2025.01.01"]
[SourceVersion "1"]
[SourceVersionDate "2025.01.01"]
[SourceQuality "1"]

1. e4 e5 2. Nf3 Nc6 3. c3 Nf6 4. d3 d5 5. exd5 Qxd5 6. Be2 Bf5 7. Qb3 0-0-0 8. Qxd5 Rxd5 9. Ng5 Nd8 10. c4 Rd7 11. Ne4 Nxe4 12. dxe4 Bxe4 13. 0-0 Bd3 14. Bxd3 Rxd3 15. Nd2 Ne6 16. Nf3 f6 17. Be3 Bc5 18. Bxc5 Nxc5 19. b3 Rhd8 20. h3 a5 21. Nh4 g6 22. g3 Rd2 23. Ng2 f5 24. Ne3 c6 25. Rfd1 Ne4 26. Rxd2 Rxd2 27. Nd1 a4 28. Kg2 Kc7 29. h4 Kb6 30. b4 a3 31. c5+ Kb5 32. Kf3 Kxb4 33. Rb1+ Kxc5 0-1